00382 2200157 4500001002100000005001500021035002000036245006000056100002100116300001200137260002900149082000800178084001400186990001200200990001200212INLIS00000000000195020250522111105 a0010-05250002421 aPengajaran Yang Kreatif dan Menarik /cLau Anne Johnson0 aLau Anne Johnson a427 hlm aJakarta :bIndeks,c2009 a370 a370 LAU p a0713490 a0713491